NOVEL DRUG DELIVERY SYSTEMS (Record no. 8234)

MARC details
000 -LEADER
fixed length control field 00443nam a22001697a 4500
005 - DATE AND TIME OF LATEST TRANSACTION
control field 20230403130438.0
008 - FIXED-LENGTH DATA ELEMENTS--GENERAL INFORMATION
fixed length control field 230328b |||||||| |||| 00| 0 eng d
020 ## - INTERNATIONAL STANDARD BOOK NUMBER
ISBN 978-138-367-64-7
041 ## - LANGUAGE CODE
Language code of text/sound track or separate title eng
082 ## - DEWEY DECIMAL CLASSIFICATION NUMBER
Classification number 615.6 CHI-N
100 ## - MAIN ENTRY--AUTHOR NAME
Personal name CHIEN, YIE.W
245 ## - TITLE STATEMENT
Title NOVEL DRUG DELIVERY SYSTEMS
260 ## - PUBLICATION, DISTRIBUTION, ETC. (IMPRINT)
Place of publication NEW DELHI
Name of publisher CBS PUBLICATION & DISTRIBUTERS
300 ## - PHYSICAL DESCRIPTION
Number of Pages 797;P.
650 ## - SUBJECT ADDED ENTRY--TOPICAL TERM
Topical Term PHARMACY
General subdivision B. PHARMA
942 ## - ADDED ENTRY ELEMENTS (KOHA)
Koha item type Books
Holdings
Lost status Damaged status Collection code Home library Current library Shelving location Date acquired Source of acquisition Cost, normal purchase price Full call number Accession Number Koha item type
    Reference JRU Library JRU Library SHELF-19-B 23/03/2023 LOHIA BOOK INTERNATIONAL 5495.00 615.6 CHI-N 27547 Books